|
|
|
|
| LEADER |
01090nam a2200301 a 4500 |
| 001 |
000623513 |
| 003 |
CZ BrMZK |
| 005 |
20021014071121.0 |
| 007 |
ta |
| 008 |
020918s2002 xr f cze d |
| 015 |
|
|
|a cnb001188063
|
| 020 |
|
|
|a 80-7257-833-2
|
| 035 |
|
|
|a (OCoLC)53268554
|
| 040 |
|
|
|a BOA001
|b cze
|
| 041 |
1 |
|
|a cze
|h eng
|
| 080 |
|
|
|a 821.111-31
|2 MRF
|
| 100 |
1 |
|
|a Ballard, J. G.
|q (James Graham),
|d 1930-2009
|7 jn19990000409
|4 aut
|
| 245 |
1 |
0 |
|a Super-Cannes /
|c J.G. Ballard ; [z anglického originálu] přeložil Jindřich Manďák
|
| 250 |
|
|
|a 1. vyd. v českém jazyce.
|
| 260 |
|
|
|a Praha :
|b BB art,
|c 2002
|
| 300 |
|
|
|a 334 s. ;
|c 21 cm
|
| 655 |
|
7 |
|a anglické romány
|7 fd131814
|2 czenas
|
| 700 |
1 |
|
|a Manďák, Jindřich,
|d 1947-
|7 jn20001227085
|4 trl
|
| 765 |
0 |
|
|t Super-Cannes
|9 Česky
|
| 856 |
4 |
1 |
|u http://www.digitalniknihovna.cz/mzk/uuid/uuid:7ab80130-0286-11e4-9789-005056827e52
|y Digitalizovaný dokument
|x NDK
|
| 910 |
|
|
|a BOA001
|b 2-1107.006
|
| 990 |
|
|
|a BK
|
| 996 |
6 |
|
|b 2610169999
|c 2-1107.006
|l MZK
|r Sklad / do 1 hodiny
|n 1
|p p.v.
|w 000623513
|u 000010
|a 1
|e BOA001
|j MZK50
|s P
|